000 00432nam a2200145 4500
005 20240611100517.0
008 240123b2005 |||||||| |||| 00| 0 eng d
020 _a9551256034
082 _a303.6
_bPEI
100 _aPeiris, Harim
245 _aThe politics of reconstruction in the north and east:
_ba review and analysis of policy 2004-2005
260 _aColombo:
_bCouncil for public policy,
_c2006
300 _a22 p.
942 _cRP
999 _c4677
_d4677